000 00287nam a22001337a 4500
008 171012b xxu||||| |||| 00| 0 eng d
020 _a9781891487965
041 _aeng
080 _22ND
_a316
100 _a50
101 _aSOC
245 _aSOCIAL THEORY
_cKIVISTO,P
942 _2udc
_cBK
999 _c33364
_d33364